| 000 | 00621cam a22002171 4500 | ||
|---|---|---|---|
| 001 | 8998717 | ||
| 003 | OSt | ||
| 005 | 20140717213003.0 | ||
| 008 | 760603s1971 xx 000 0 spa | ||
| 010 | _a 73334446 | ||
| 040 | _cBMC | ||
| 082 | _a972.84052 | ||
| 082 | _a355.317285 | ||
| 100 | 1 |
_96463 _aLovo Castelar, José Luis |
|
| 245 | 1 | 3 |
_aLa Guardia Nacional en campaña _b: (relatos y crónicas de Honduras) |
| 260 |
_aSan Salvador _bLea _c1971 |
||
| 300 |
_a185 p. _bil. _c25 cm |
||
| 610 | 1 |
_922329 _aNicaragua _bGuardia Nacional |
|
| 650 | 2 | 4 |
_99220 _aGuerra hondureño-salvadoreña, 1969 |
| 942 |
_2ddc _cBK |
||
| 999 |
_c12266 _d12266 |
||